Otazníky kolem indikátorů trvale udržitelného rozvoje

Problém indikátorov v súvislosti s praktickou realizáciou princípov trvalo udržateľného rozvoja (TUR). Indikátory "slabej" a "silnej" udržateľnosti rozvoja. Štatistika a ekologické účtovníctvo. Satelitný účet. Upravený makroukazovateľ GDP/GNP. (GreenNP). Typy indikátorov. Pokus o komplexné obsiahnut...

Descripción completa

Guardado en:
Detalles Bibliográficos
Autor principal: Cudlínová, Eva
Formato: Capítulo de libro
Lenguaje:checo
Materias:
Etiquetas: Agregar Etiqueta
Sin Etiquetas, Sea el primero en etiquetar este registro!

MARC

LEADER 00000naa a2200000 4500
001 r018749
005 20221205102402.1
041 0 |a cze 
044 |a CZ 
245 1 0 |a Otazníky kolem indikátorů trvale udržitelného rozvoje  |c Eva Cudlínová 
520 |a Problém indikátorov v súvislosti s praktickou realizáciou princípov trvalo udržateľného rozvoja (TUR). Indikátory "slabej" a "silnej" udržateľnosti rozvoja. Štatistika a ekologické účtovníctvo. Satelitný účet. Upravený makroukazovateľ GDP/GNP. (GreenNP). Typy indikátorov. Pokus o komplexné obsiahnutie problematiky predstavuje návrh indikátorov k oceneniu podmienok globálnej udržateľnosti. 
610 2 0 |a rozvoj trvalo udržateľný 
610 2 0 |a účtovníctvo ekologické 
610 2 0 |a podmienky prírodné 
610 2 0 |a prostredie životné 
610 2 0 |a oceňovanie 
610 2 0 |a ukazovatele NH 
100 1 |a Cudlínová, Eva